El asesinato de Pitágoras.

Saved in:
Bibliographic Details
Main Author: Chicot, Marcos (autor)
Format: Book
Published: Barcelona, España: Duodomo Ediciones, 2015.
Edition:Segunda edición
Subjects:
Tags: Add Tag
No Tags, Be the first to tag this record!

MARC

LEADER 00000nam a22000007a 4500
003 CL-VaPUC
005 20250117102557.0
008 241120t2015 ||||| |||| 00| 0 eng d
999 |c 445836  |d 445834 
020 |a 978-84-16261-20-8 
040 |c Pontificia Universidad Católica de Valparaíso 
082 |a 863 CHI 2015 
100 1 |a Chicot, Marcos  |e autor  |9 894048 
245 1 3 |a El asesinato de Pitágoras. 
250 |a Segunda edición 
260 |a Barcelona, España:  |b Duodomo Ediciones,  |c 2015. 
300 |a 669 páginas. 
500 |a c.1 Donación Prof. Cristian Atala. Memo Curauma 07-11-2024 
583 |c 20241120  |k Catalogador Asistente 
600 0 |9 433580  |a Pitágoras  |d 570 a.c.- 490 a.c.  |e Filósofo   |z Antigua Grecia  
650 0 |9 265052  |a Novelas españolas  |x Novela histórica  |y Siglo 21 
650 0 |9 306261  |a Literatura española  |x Crimen y suspenso  |y Siglo 21 
942 |2 ddc  |c BK 
952 |0 0  |1 0  |2 ddc  |4 0  |6 863_000000000000000_CHI_2015  |7 0  |8 A  |9 598146  |a BIBCUR  |b BIBCUR  |d 2024-11-20  |e Donación  |i 5663352  |l 2  |m 2  |o 863 CHI 2015  |p 5663352  |q 2025-05-30  |r 2025-04-23  |s 2025-04-23  |t 1  |w 2024-11-20  |y BK  |k CAC